Vrátenie DPH zaplatenej v zahraničí

Pravidlá, ktoré sa vzťahujú na platiteľov dane podávajúcich žiadosť o vrátenie dane v inom členskom štáte, sú obdobné pravidlám ustanoveným pre zahraničné osoby z iných členských štátov podávajúcich žiadosť o vrátenie dane v SR, ktoré sú upravené v ustanoveniach par. 55a až par. 55e zákona č. 222/20...

Ausführliche Beschreibung

Gespeichert in:
Bibliographische Detailangaben
1. Verfasser: Betáková, Jaroslava
Format: Buchkapitel
Sprache:Slowakisch
Schlagworte:
Tags: Tag hinzufügen
Keine Tags, Fügen Sie das erste Tag hinzu!

MARC

LEADER 00000naa a2200000 4500
001 0247774
005 20241121130023.5
041 0 |a slo 
044 |a SK 
245 1 0 |a Vrátenie DPH zaplatenej v zahraničí  |c Jaroslava Betáková 
520 |a Pravidlá, ktoré sa vzťahujú na platiteľov dane podávajúcich žiadosť o vrátenie dane v inom členskom štáte, sú obdobné pravidlám ustanoveným pre zahraničné osoby z iných členských štátov podávajúcich žiadosť o vrátenie dane v SR, ktoré sú upravené v ustanoveniach par. 55a až par. 55e zákona č. 222/2004 Z.z. 
610 2 0 |a daňovníci 
610 2 0 |a Slovensko 
610 2 0 |a zahraničie 
610 2 0 |a Európska únia 
610 2 0 |a osoby zahraničné 
610 2 0 |a legislatíva 
610 2 0 |a dane z hodnoty pridanej 
100 1 |a Betáková, Jaroslava